Los Cadáveres de Callander Square / (Record no. 42858)
[ view plain ]
| 000 -CABECERA | |
|---|---|
| campo de control de longitud fija | 00539nam a2200181 a 4500 |
| 001 - NÚMERO DE CONTROL | |
| campo de control | 000043369 |
| 005 - FECHA Y HORA DE LA ÚLTIMA TRANSACCIÓN | |
| campo de control | 20201002040843.0 |
| 008 - DATOS DE LONGITUD FIJA--INFORMACIÓN GENERAL | |
| campo de control de longitud fija | 140311s1996 sp 000 0 spa d |
| 020 ## - NÚMERO INTERNACIONAL ESTÁNDAR DEL LIBRO | |
| Número Internacional Estándar del Libro | 8401463068 |
| 040 ## - FUENTE DE LA CATALOGACIÓN | |
| Centro catalogador/agencia de origen | DO-SdBNP |
| Lengua de catalogación | spa |
| Centro/agencia transcriptor | BNPHU |
| 100 1# - ENTRADA PRINCIPAL--NOMBRE DE PERSONA | |
| Nombre de persona | Perry, Anne |
| 9 (RLIN) | 70995 |
| 245 14 - MENCIÓN DE TÍTULO | |
| Título | Los Cadáveres de Callander Square / |
| Mención de responsabilidad, etc. | Anne Perry ; traducción de Rosa Sala. |
| 260 ## - PUBLICACIÓN, DISTRIBUCIÓN, ETC. | |
| Lugar de publicación, distribución, etc. | Barcelona : |
| Nombre del editor, distribuidor, etc. | Plaza & Janés, |
| Fecha de publicación, distribución, etc. | 1996. |
| 300 ## - DESCRIPCIÓN FÍSICA | |
| Extensión | 343 p. ; |
| Dimensiones | 18 cm. |
| 490 1# - MENCIÓN DE SERIE | |
| Mención de serie | Jet |
| Designación de volumen o secuencia | 306 |
| 700 1# - PUNTO DE ACCESO ADICIONAL--NOMBRE DE PERSONA | |
| Nombre de persona | Sala, Rosa |
| Fechas asociadas al nombre | 1969- |
| Término indicativo de función/relación | tr. |
| 9 (RLIN) | 71030 |
| 830 #0 - PUNTO DE ACCESO ADICIONAL DE SERIE-TÍTULO UNIFORME | |
| Título uniforme | Jet |
| Designación de volumen o secuencia | 306 |
| 9 (RLIN) | 11886 |
| Estado de retiro | Estado de pérdida | Restricciones de uso | No para préstamo | Código de colección | Localización permanente | Ubicación/localización actual | Ubicación en estantería | Fecha de adquisición | Número de inventario | Total de préstamos | Signatura topográfica completa | Código de barras | Fecha visto por última vez | Precio válido a partir de | Tipo de ítem Koha |
|---|---|---|---|---|---|---|---|---|---|---|---|---|---|---|---|
| Excluido de préstamo | Monografías: Libros y Folletos | General | General | En catalogación | 11.03.2014 | LF1 | 43369-10 | 25.06.2020 | 25.06.2020 | No se presta |
